000 00447 a2200169 4500
003 OSt
005 20240111144650.0
008 240111b |||||||| |||| 00| 0 eng d
020 _a9789382581192
040 _coclc
082 _a297
_bAKB/P
100 _aAkbar, M M
_92026
245 _aPrabodakarodu /
_cM M Akbar
260 _aKerala:
_bDa'wa books,
_c2017
300 _a117p
942 _2ddc
_cBK
_h297
_iAKB/P
_k297
_mAKB/P
999 _c43126
_d43126